000 02213nam1a2200349 4500
001 RU\NLR\BIBL_A\022839232
005 20260623074824.0
035 _a(NLR Aleph) 022839232
090 _a13737411
_c13737411
100 _a20230529g20239999k y0rusy50 ca
101 0 _arus
102 _aRU
105 _aa z 100zy
181 0 _ai
_baxxe
182 0 _an
200 1 _aСибирь в пространстве международных отношений: прошлое, настоящее, будущее
_e[материалы Всероссийских студенческих научно-практических конференций]
_fМинистерство науки и высшего образования Российской Федерации, Байкальский государственный университет
_gредакционная коллегия: ... И. В. Олейников, А. А. Распопина (ответственные редакторы)
203 _aТекст
_bвизуальный
_cнепосредственный
210 _aИркутск
_cИздательский дом БГУ
_d2023-
215 _d21
300 _aРез. англ.
320 _aБиблиогр. в конце ст.
607 _aСибирь
_jСъезды, совещания и т.п
_xНародное хозяйство
_91399435
_3RU\NLR\AUTH\66276273
607 _aСибирь
_jСъезды, совещания и т.п
_xИстория
_91037443
_3RU\NLR\AUTH\6681060
686 1 _aТ3(2Р5)я431
686 1 _aУ03(2Р5)74я431
702 1 _aОлейников
_bИ. В.
_gИлья Васильевич
_4340
711 0 2 _a"Сибирь в пространстве международных отношений: прошлое, настоящее, будущее", всероссийская студенческая научно-практическая конференция
_cИркутск
_92713998
_3RU\NLR\AUTH\880644323
712 0 2 _4475
_aБайкальский государственный университет
_cИркутск
_9510205
_3RU\NLR\AUTH\880422718
852 _aNLR
_j2023-3/12367
942 _cBOOK
980 _aNB